| 000 | 00598nam a2200217Ia 4500 | ||
|---|---|---|---|
| 003 | LK-CoDNM | ||
| 005 | 20241204132956.0 | ||
| 008 | 010623t1974 xxu||||| |||| 00| 1 sin d | ||
| 040 |
_aLK-CoDNM _dLK-CoDNM _eLK-CoDNM |
||
| 041 | _asin | ||
| 080 |
_a294.3 _bRAH |
||
| 100 | _aRahula himi,Lathpadure | ||
| 245 | _aශ්රී රාහුල ක්ෂීණාශර්වාපදානය | ||
| 246 | _aSri Rahula Kseenasrawapadanaya | ||
| 260 |
_bWeerakkodi,Ananda _c1974 |
||
| 300 | _b39p. ; 21 cm | ||
| 650 | _aBiography | ||
| 650 | _aBuddhism | ||
| 650 | _a1974 | ||
| 942 | _cBK | ||
| 999 |
_c109466 _d109466 |
||